000 00695nam a2200181Ia 4500
003 IN-BaIIA
008 211028s9999 xx 000 0 eng d
040 _cIIA Library
080 _a52-77
_bIEEE
110 _aUnited States. Congress. House. Committee on Science and Astronautics.
_910335
111 _aTucson Comet Conference on Scientific Data and Missions
_910336
245 0 _aRadio and radar astronomy
_bproceedings of the IEEE held on September 1973
_cUnited States. Congress. House. Committee on Science and Astronautics.
260 _aWashington
_bIEEE
_c1962
300 _a1172-1376p.
650 _aAstronomy and astrophysics thesaurus
650 _aRadio astronomy
_92849
942 _cBK
999 _c5959
_d5959